000 01028nam a22002537a 4500
005 20170124103010.0
010 _aB-036742
020 _c175.00
035 _aB-036742
037 _bCen Lib/Ret
040 _aDPL
_bHN
082 _a
_bआबिद
100 _aआबिद सुरती
_957386
245 _aखोया हुआ चेहरा /
_cआबिद सुरती
246 _aKhoya hua chehra /
_bby Abidi Surti
260 _aदिल्ली
_bसुर्न्द्रकुमार एंड संस
_c20001
270 _bदिल्ली
_a30/21ए-22ए, गली न.9, विश्वासनगर, शाहदरा
_e110032
300 _a159पृ.
_c21मी(सजिल्द)
650 _aहिन्दी साहित्य
_957387
650 _aहिन्दी साहित्य -- उपन्यास
_946379
650 _aHindi literature
_957388
650 _aHindi literature -- Fiction
_957389
942 _2ddc
_cHN
_h
_mआबिद
999 _c114574
_d114574